[Event "Moscow Open 2009 B"]
[Site "www.moscowchessopen.ru"]
[Date "2009.02.06"]
[Round "7.37"]
[White "Kovtunenko, Alexandr"]
[Black "Sinelnikov, Igor"]
[Result "0-1"]
[WhiteElo "2294"]
[BlackElo "2158"]
[Annotator ""]
[Source ""]
[Remark ""]

1.c4 Nf6 2.Nc3 g6 3.d4 Bg7 4.g3 O-O 5.Bg2 d6 6.Nf3 Nbd7 7.O-O
e5 8.h3 Re8 9.e4 exd4 10.Nxd4 Nc5 11.Re1 a5 12.Qc2 Bd7 13.Be3
c6 14.Rad1 Qe7 15.Bf4 Rad8 16.Ndb5 cxb5 17.Bxd6 Qe6 18.Bxc5 Qxc4
19.Bb6 Rc8 20.e5 Bf5 21.Qd2 b4 22.exf6 bxc3 23.Rxe8+ Rxe8 24.Qxc3
Qxc3 25.bxc3 Bxf6 26.Bxa5 Ra8 27.Bb4 Rxa2 28.g4 Bc8 29.Rd5 Ra1+
30.Kh2 Be6 31.Rb5 Bd7 32.Rc5 b6 33.Rc4 Be6 34.Re4 Ra2 35.Kg3
h5 36.gxh5 gxh5 37.h4 Kg7 38.Bf3 Kg6 39.Re3 Bf5 40.Bd5 Ra1 41.Re8
Rg1+ 42.Bg2 Bd7 43.Re2 Bxh4+ 44.Kh2 Rc1 45.Rd2 Be6 46.Be4+ f5
47.Bf3 Bf6 48.Kg2 Bc4 49.Rd6 Bf1+ 50.Kg1 Kg5 51.Rxb6 Be5 52.Be7+
Kf4 53.Bxh5 Bc4+ 54.Kg2 Bd5+ 55.f3 Rc2+ 56.Kf1 Bc4+ 57.Ke1 Bxc3+
58.Kd1 Rd2+ 59.Kc1 Bd3 60.Rg6 Rc2+ 61.Kd1 Rd2+ 62.Kc1 Rc2+ 63.Kd1
Ke3 64.Re6+ Kf2 65.Bc5+ Kg3 66.Re3 Rd2+ 67.Kc1 f4 68.Re8 Ra2
69.Rg8+ Kh4 70.Be7+ Kxh5 0-1

[Event "Moscow Open 2009 B"]
[Site "www.moscowchessopen.ru"]
[Date "2009.02.06"]
[Round "7.38"]
[White "Zavialov, Vladimir"]
[Black "Krivonos, Nikolay"]
[Result "0-1"]
[WhiteElo "2157"]
[BlackElo "2294"]
[Annotator ""]
[Source ""]
[Remark ""]

1.d4 f5 2.Bg5 g6 3.Nf3 Bg7 4.e3 Nf6 5.Bc4 d6 6.c3 e6 7.Nbd2 Qe7
8.e4 h6 9.Bxf6 Bxf6 10.e5 Bg7 11.exd6 cxd6 12.O-O O-O 13.Re1
Qf7 14.Bb3 Kh7 15.Qe2 Re8 16.Ba4 Bd7 17.Bxd7 Qxd7 18.Rad1 Na6
19.Qd3 Rad8 20.Nf1 Qc8 21.Qb5 Nc7 22.Qb3 b5 23.Re2 Qd7 24.Ne3
Re7 25.Red2 a6 26.a3 Na8 27.Re2 Nb6 28.Rde1 e5 29.dxe5 dxe5 30.Rd2
Qc8 31.Red1 Rxd2 32.Rxd2 Nc4 33.Nxc4 bxc4 34.Qd1 Qb7 35.Qe2 Qc6
36.h3 Qc5 37.Qd1 e4 38.Nd4 e3 39.fxe3 Rxe3 40.Kh1 Qb6 41.Nf3
Re7 42.Re2 Re4 43.Qd2 Qe6 44.Rxe4 fxe4 45.Qe3 Qd5 46.Nd4 h5 47.Kg1
Bh6 48.Qe2 Bf4 49.Kf2 Bc1 50.Kf1 Bh6 51.Kf2 Bf8 52.Qe3 Bc5 53.Kf1
Qe5 54.Ke2 Qb8 55.Qd2 Qg3 56.Kd1 e3 57.Qe2 Bxd4 58.cxd4 Qg5 59.Qf3
Kg7 60.Ke2 Qb5 61.Kxe3 Qxb2 62.Qc6 Qxa3+ 63.Ke4 Qd3+ 64.Ke5 Qf5+
65.Kd6 Qf6+ 0-1

[Event "Moscow Open 2009 B"]
[Site "www.moscowchessopen.ru"]
[Date "2009.02.06"]
[Round "7.39"]
[White "Selensky, A"]
[Black "Velikanov, Igor"]
[Result "1-0"]
[WhiteElo "2146"]
[BlackElo "2292"]
[Annotator ""]
[Source ""]
[Remark ""]

1.d4 d5 2.c4 c6 3.Nc3 Nf6 4.Nf3 e6 5.Bg5 h6 6.Bh4 dxc4 7.e4 g5
8.Bg3 b5 9.Qc2 Bb7 10.Be2 Nbd7 11.Rd1 Be7 12.e5 Nd5 13.Ne4 Bf8
14.O-O Qb6 15.h4 g4 16.Nfd2 h5 17.Bxc4 Qxd4 18.Nd6+ Ke7 19.N2e4
Qb6 20.Ng5 bxc4 21.Ngxf7 Rg8 22.Qh7 Rg7 23.Qxh5 Ba6 24.Rfe1 Qxb2
25.Nh8 Qc2 26.Ne4 Kd8 27.Ng6 Kc7 28.Qxg4 Re8 29.h5 Nc5 30.Nf6
Rb8 31.Qd4 Nd3 32.Qxa7+ Bb7 33.Qa5+ Nb6 34.Nxf8 Rxf8 35.Rb1 Nxe1
36.Qxb6+ Kc8 37.Rxe1 Qd2 38.Rb1 Qd3 39.h6 Rc7 40.Rc1 c3 41.Qb4
c5 42.Qxc3 Qxc3 43.Rxc3 Rh8 44.Bf4 Bd5 45.g4 Bxa2 46.Ra3 Bd5
47.Nxd5 exd5 48.Ra8+ 1-0

[Event "Moscow Open 2009 B"]
[Site "www.moscowchessopen.ru"]
[Date "2009.02.06"]
[Round "7.40"]
[White "Konenkin, Dmitry"]
[Black "Pranizin, Gennady"]
[Result "1/2-1/2"]
[WhiteElo "2289"]
[BlackElo "2145"]
[Annotator ""]
[Source ""]
[Remark ""]

1.d4 d5 2.Bg5 h6 3.Bh4 c6 4.Nf3 Qb6 5.b3 Bf5 6.e3 e6 7.Bd3 Bxd3
8.Qxd3 Be7 9.Bxe7 Nxe7 10.O-O O-O 11.c4 Nd7 12.Nc3 f5 13.Rac1
Rac8 14.Na4 Qc7 15.cxd5 exd5 16.b4 b5 17.Nc5 Nxc5 18.Rxc5 a5
19.a3 a4 20.Rfc1 Qb7 21.Ne5 Rc7 22.Qc2 Rf6 23.f3 Rd6 24.h3 Rc8
25.Kf1 Qb6 26.Ke1 Qd8 27.Kd2 Qf8 28.g3 Qf6 29.Kc3 Rc7 30.Kb2
Rc8 31.Ka2 Kf8 32.f4 g6 33.g4 Kg7 34.Qf2 Kh7 35.Rg1 Rg8 36.g5
Qe6 37.gxh6 Kxh6 38.Rg5 Rh8 39.Rc1 Kg7 40.Rh1 Rdd8 41.h4 Rh6
42.Qg3 Rg8 43.Rh2 Kf8 44.Kb2 Rh7 45.Qg1 Rh6 46.Rhg2 Rxh4 47.Nxg6+
Nxg6 48.Rxg6 Rxg6 49.Rxg6 Rg4 50.Rxe6 Rxg1 51.Rxc6 Rg2+ 52.Rc2
Rxc2+ 53.Kxc2 Kg7 54.Kd3 Kg6 55.Ke2 Kh5 56.Kf3 Kh4 57.Kg2 Kg4
58.Kf2 Kh4 59.Kf3 Kh3 60.Kf2 Kg4 1/2-1/2

[Event "Moscow Open 2009 B"]
[Site "www.moscowchessopen.ru"]
[Date "2009.02.06"]
[Round "7.41"]
[White "Savitskiy, Sergey"]
[Black "Artamonov, Valery"]
[Result "1/2-1/2"]
[WhiteElo "2143"]
[BlackElo "2289"]
[Annotator ""]
[Source ""]
[Remark ""]

1.e4 c5 2.Nf3 Nc6 3.Bb5 g6 4.O-O Bg7 5.c3 Nf6 6.Re1 d5 7.e5 Ng4
8.h3 Nh6 9.Bxc6+ bxc6 10.d4 O-O 11.dxc5 f6 12.e6 Qc7 13.Nd4 Kh8
14.Nd2 a5 15.N2f3 a4 16.Be3 Bb7 17.b4 Ng8 18.Qd2 Ba6 19.Bf4 Qb7
20.a3 Bc4 21.h4 Qc8 22.g3 Qe8 23.Kg2 h5 24.Rg1 Kh7 25.Kh2 Nh6
26.Bxh6 Bxh6 27.Qc2 Rh8 28.Rg2 Rg8 29.Ng1 Qc8 30.Nh3 Qa6 31.Re1
Rac8 32.f3 Bd3 33.Qd1 Qc4 34.Qa1 g5 35.hxg5 fxg5 36.Nf2 Bg6 37.Nd1
Bg7 38.Qa2 Qa6 39.Qd2 Bf6 40.Ne3 Rcf8 41.b5 cxb5 42.Nxd5 g4 43.fxg4
hxg4 44.Nxf6+ Rxf6 45.Kg1 Kg7 46.Rh2 Kf8 47.Rf2 Rxf2 48.Qxf2+
Kg7 49.Qf4 Rf8 50.Qe5+ Kg8 51.c6 b4 52.cxb4 Qd3 53.c7 Be4 54.Qg5+
Kh7 55.Qh5+ Kg7 56.Qxg4+ Bg6 57.Qh4 Qc3 58.Re2 Qxc7 59.Qg5 Qc3
60.Qe3 Qa1+ 61.Re1 Qb2 62.Nf3 Rf6 63.Nh4 Bh7 64.Qa7 Qc3 65.Qe3
Qc4 66.Ng2 Qg4 67.Qe5 Qf3 68.Qe3 Qg4 69.Nf4 Bf5 70.Kg2 Kf8 1/2-1/2

[Event "Moscow Open 2009 B"]
[Site "www.moscowchessopen.ru"]
[Date "2009.02.06"]
[Round "7.42"]
[White "Shitov, Yaroslav"]
[Black "Volkov, Sergei"]
[Result "0-1"]
[WhiteElo "2137"]
[BlackElo "2286"]
[Annotator ""]
[Source ""]
[Remark ""]

1.e4 c5 2.c3 d6 3.d4 Nf6 4.dxc5 Nc6 5.f3 d5 6.exd5 Nxd5 7.c4
Ndb4 8.a3 Qxd1+ 9.Kxd1 Na6 10.b4 Nc7 11.Bb2 Bf5 12.Ne2 O-O-O+
13.Ke1 e5 14.g4 Bg6 15.Nbc3 a5 16.b5 Nd4 17.Nxd4 exd4 18.Na4
Ne6 19.Rd1 Kb8 20.Bd3 Nxc5 21.Nxc5 Bxc5 22.Kd2 a4 23.Rde1 Bd6
24.Bxg6 hxg6 25.Kd3 Rh3 26.Ke4 d3 27.Rd1 Bc5 28.Be5+ Kc8 29.Bg3
Rhh8 30.Rhe1 d2 0-1

[Event "Moscow Open 2009 B"]
[Site "www.moscowchessopen.ru"]
[Date "2009.02.06"]
[Round "7.43"]
[White "Lisinov, Viacheslav"]
[Black "Kirillov, Igor"]
[Result "1/2-1/2"]
[WhiteElo "2129"]
[BlackElo "2277"]
[Annotator ""]
[Source ""]
[Remark ""]

1.e4 c5 2.c3 Nf6 3.e5 Nd5 4.g3 Nc6 5.Nf3 g6 6.Bg2 Bg7 7.d4 cxd4
8.Nxd4 Nc7 9.f4 O-O 10.O-O f6 11.exf6 Bxf6 12.Be3 e6 13.Na3 Ne7
14.Nac2 Ned5 15.Bf2 Rb8 16.Nb3 b6 17.c4 Ne7 18.Bd4 Nf5 19.Bxf6
Qxf6 20.Nbd4 Ba6 21.Nxf5 gxf5 22.Qxd7 Qxb2 23.Qxc7 Qxc2 24.Rac1
Qxa2 25.Rfd1 Qa3 26.Ra1 Qe3+ 27.Kh1 Rbc8 28.Qxa7 Bxc4 29.Rd7
Qc3 30.Rad1 Bd5 31.Bxd5 exd5 32.Kg2 Qb2+ 33.Kh3 Rc2 34.Rh1 Qf6
35.Rxh7 Rf7 36.Rxf7 Qxf7 37.Qxf7+ Kxf7 38.Kh4 Kg6 39.h3 Rc6 40.Rd1
Rd6 41.Rd4 b5 42.g4 1/2-1/2

[Event "Moscow Open 2009 B"]
[Site "www.moscowchessopen.ru"]
[Date "2009.02.06"]
[Round "7.44"]
[White "Rublev, Sergey"]
[Black "Okun, Leonid"]
[Result "1-0"]
[WhiteElo "2128"]
[BlackElo "2277"]
[Annotator ""]
[Source ""]
[Remark ""]

1.e4 g6 2.d4 Bg7 3.f4 c5 4.c3 Qc7 5.Nf3 b6 6.Bd3 Nc6 7.Na3 cxd4
8.Nb5 Qb8 9.Nbxd4 Nf6 10.e5 Ng8 11.O-O Bb7 12.Qe2 Nxd4 13.Nxd4
a6 14.Be4 e6 15.g3 Bf8 16.Qf3 Ra7 17.Be3 Ne7 18.Rad1 Nd5 19.Rd3
Be7 20.f5 Nxe3 21.fxg6 Nf5 22.gxf7+ Kf8 23.Nxf5 exf5 24.Bxb7
Qxb7 25.Qxf5 Qc6 1-0

[Event "Moscow Open 2009 B"]
[Site "www.moscowchessopen.ru"]
[Date "2009.02.06"]
[Round "7.45"]
[White "Muhtarov, Leonid"]
[Black "Vardanian, Haik G"]
[Result "0-1"]
[WhiteElo "2124"]
[BlackElo "2269"]
[Annotator ""]
[Source ""]
[Remark ""]

1.Nf3 d5 2.g3 Nf6 3.Bg2 c6 4.O-O Bg4 5.d3 Nbd7 6.Nbd2 e5 7.e4
dxe4 8.dxe4 Bc5 9.h3 Bh5 10.Qe1 Bg6 11.Nc4 Qe7 12.Nh4 O-O 13.Bd2
Qe6 14.Nxg6 fxg6 15.Ne3 Rf7 16.a4 Nh5 17.b4 Bb6 18.a5 Bc7 19.Qe2
a6 20.Qc4 Qe8 21.h4 Kh8 22.Bh3 Ndf6 23.Rad1 Qf8 24.Ng4 Ng8 25.Be3
Qe8 26.Bc5 Ngf6 27.Nxf6 gxf6 28.Be6 Rg7 29.Rd3 f5 30.exf5 gxf5
31.Bxf5 Nf4 32.Be4 Qh5 33.Rf3 Qxh4 34.Re1 0-1

[Event "Moscow Open 2009 B"]
[Site "www.moscowchessopen.ru"]
[Date "2009.02.06"]
[Round "7.46"]
[White "Musaev, Mansur"]
[Black "Sargissyan, Sargis"]
[Result "1/2-1/2"]
[WhiteElo "2266"]
[BlackElo "2119"]
[Annotator ""]
[Source ""]
[Remark ""]

1.e4 e5 2.Nf3 Nc6 3.Bb5 a6 4.Ba4 Nf6 5.O-O Be7 6.Re1 b5 7.Bb3
d6 8.c3 O-O 9.h3 Na5 10.Bc2 d5 11.exd5 e4 12.Bxe4 Nxe4 13.Rxe4
Bb7 14.d4 Bf6 15.Nbd2 Qxd5 16.Qe1 Nc4 17.Re2 Nd6 18.Nf1 Nf5 19.Bf4
c5 20.dxc5 Qxc5 21.N1d2 b4 22.Ne4 Bxe4 23.cxb4 Qd5 24.Rxe4 Bxb2
25.Rb1 Qxa2 26.g4 Bc3 27.Qf1 Nh6 28.Bxh6 gxh6 29.Nh4 Rfe8 30.Qd3
Red8 31.Qf1 Re8 32.Rxe8+ Rxe8 33.Nf5 Qe6 34.f3 Be5 35.Qc1 Bb8
36.Nxh6+ Kf8 37.Nf5 Qe5 38.Qd2 Kg8 39.Rd1 Bc7 40.Qc2 Qf4 41.Rf1
Bb8 42.Rd1 Qxf3 43.Nh6+ Kg7 1/2-1/2

[Event "Moscow Open 2009 B"]
[Site "www.moscowchessopen.ru"]
[Date "2009.02.06"]
[Round "7.47"]
[White "Shcherbin, Matvei"]
[Black "Vetryansky, Vladimir"]
[Result "0-1"]
[WhiteElo "2262"]
[BlackElo "2114"]
[Annotator ""]
[Source ""]
[Remark ""]

1.e4 c6 2.d4 d5 3.exd5 cxd5 4.Bd3 Nc6 5.c3 Nf6 6.Nf3 Bg4 7.O-O
e6 8.Bg5 Be7 9.Nbd2 O-O 10.Re1 Rc8 11.Nf1 Bh5 12.Ng3 Bg6 13.Bxg6
hxg6 14.Qd3 Na5 15.Re2 Nc4 16.Rae1 b5 17.Ne5 Nd7 18.Bf4 a5 19.Rc1
b4 20.Nxc4 dxc4 21.Qf3 Nb6 22.Ne4 Nd5 23.g3 a4 24.h4 a3 25.bxa3
bxc3 26.Nxc3 Bxa3 27.Rb1 Qa5 28.Bd2 Rb8 29.Rd1 Bb4 30.Nxd5 Qxd5
31.Qe3 Be7 32.Qc3 Bf6 33.Bg5 Ra8 34.Bxf6 gxf6 35.Rb2 Ra4 36.Rb4
Rxa2 37.Rxc4 Qf5 38.Rd2 Qb1+ 39.Kh2 Ra1 40.Qf3 Qf1 41.Rdc2 Kg7
42.Qg2 Qd1 43.Rb2 Rd8 44.Rcb4 Rxd4 45.Rxd4 Qxd4 0-1

[Event "Moscow Open 2009 B"]
[Site "www.moscowchessopen.ru"]
[Date "2009.02.06"]
[Round "7.48"]
[White "Muromtsev, Arthur"]
[Black "Polonskiy, Pavel"]
[Result "1-0"]
[WhiteElo "2259"]
[BlackElo "2111"]
[Annotator ""]
[Source ""]
[Remark ""]

1.e4 e5 2.d4 exd4 3.Qxd4 Qf6 4.Qe3 b6 5.Nc3 Bc5 6.Qg3 Ne7 7.Nh3
Nbc6 8.Bg5 Qe6 9.O-O-O Bd4 10.Nb5 Qxa2 11.Nxd4 Qa1+ 12.Kd2 Qa5+
13.Ke3 f6 14.Bf4 Nxd4 15.Rxd4 d5 16.Qxg7 Rg8 17.Qxh7 dxe4 18.Rxe4
Qc5+ 19.Kd2 Qa5+ 20.b4 Qd5+ 21.Bd3 Be6 22.Rhe1 1-0

[Event "Moscow Open 2009 B"]
[Site "www.moscowchessopen.ru"]
[Date "2009.02.06"]
[Round "7.49"]
[White "Andreev, Viktor"]
[Black "Lagashin, Pavel"]
[Result "1-0"]
[WhiteElo "2258"]
[BlackElo "2095"]
[Annotator ""]
[Source ""]
[Remark ""]

1.e4 e5 2.Nf3 Nf6 3.Nxe5 d6 4.Nf3 Nxe4 5.Qe2 Qe7 6.d3 Nf6 7.Bg5
Be6 8.d4 Nbd7 9.Nc3 h6 10.Bxf6 Nxf6 11.O-O-O O-O-O 12.d5 Bg4
13.Qc4 Bxf3 14.gxf3 Kb8 15.Bh3 Nd7 16.Rhe1 Ne5 17.Qa4 Qg5+ 18.f4
Qh4 19.Re3 Ng6 20.Rd4 Be7 21.Rb4 Qxf2 22.Nd1 Qg1 23.Qa6 1-0

[Event "Moscow Open 2009 B"]
[Site "www.moscowchessopen.ru"]
[Date "2009.02.06"]
[Round "7.50"]
[White "Oleinikov, Dmitrij"]
[Black "Kharlamov, Igor"]
[Result "0-1"]
[WhiteElo "2256"]
[BlackElo "2088"]
[Annotator ""]
[Source ""]
[Remark ""]

1.d4 Nf6 2.Nf3 e6 3.e3 b6 4.Bd3 Bb7 5.O-O g6 6.c4 Bg7 7.Nc3 O-O
8.e4 d6 9.Be3 c5 10.d5 e5 11.Nd2 Nh5 12.g3 Bc8 13.Qe2 Qd7 14.Rfb1
Nf6 15.f3 Nh5 16.a3 f5 17.Bf2 Nf6 18.b4 Na6 19.Bc2 h5 20.Ba4
Qe7 21.Bc6 Rb8 22.Na4 Bh6 23.bxc5 Nxc5 24.Nxc5 dxc5 25.exf5 Bxf5
26.Re1 e4 27.fxe4 Bg4 28.Qd3 Qe5 29.Be3 Bxe3+ 30.Qxe3 Nh7 31.h4
Rf3 32.Nxf3 Qxg3+ 33.Kf1 Rf8 34.Ke2 Rxf3 35.Kd2 Rxe3 36.Rxe3
Qf2+ 37.Kd3 Be2+ 38.Rxe2 Qd4+ 39.Kc2 Qxa1 0-1

[Event "Moscow Open 2009 B"]
[Site "www.moscowchessopen.ru"]
[Date "2009.02.06"]
[Round "7.51"]
[White "Ibragimov, Ali"]
[Black "Pletnev, Evgeniy"]
[Result "0-1"]
[WhiteElo "2089"]
[BlackElo "2246"]
[Annotator ""]
[Source ""]
[Remark ""]

1.d4 Nc6 2.Nf3 d6 3.Bf4 Bg4 4.d5 Nb8 5.c4 g6 6.h3 Bxf3 7.exf3
Bg7 8.Nc3 Nf6 9.Qd2 O-O 10.Bh6 Re8 11.Bxg7 Kxg7 12.O-O-O Nbd7
13.h4 h5 14.g4 a6 15.Qd4 Kg8 16.Rg1 e5 17.dxe6 Rxe6 18.g5 Ne5
19.Rg3 Nfd7 20.Bh3 Nc6 21.Qd2 Re5 22.Nd5 Nc5 23.b4 Na4 24.f4
Rxd5 25.cxd5 Ne7 26.f5 gxf5 27.g6 fxg6 28.Qg5 Qf8 29.Re1 Re8
30.Rge3 Qg7 31.Bxf5 Rf8 32.Qxe7 Rxf5 33.Qxg7+ Kxg7 34.Re7+ Rf7
35.Kc2 Nb6 36.Rxf7+ Kxf7 37.Rd1 Kf6 38.Kb3 g5 39.hxg5+ Kxg5 40.a4
h4 41.a5 Nd7 42.Rg1+ Kf5 43.Rg7 Nf6 44.Rxc7 h3 45.Rc3 Kg4 46.Rg3+
Kh4 47.Rg6 Nh5 48.Rxd6 h2 49.Rb6 h1Q 50.d6 Nf6 0-1

[Event "Moscow Open 2009 B"]
[Site "www.moscowchessopen.ru"]
[Date "2009.02.06"]
[Round "7.52"]
[White "Ryzhov, Vladimir"]
[Black "Panko, Alexander"]
[Result "0-1"]
[WhiteElo "2246"]
[BlackElo "2087"]
[Annotator ""]
[Source ""]
[Remark ""]

1.e4 e5 2.Nc3 Nf6 3.g3 Bc5 4.Bg2 O-O 5.Nge2 Nc6 6.O-O a6 7.d3
d6 8.h3 b5 9.a3 Rb8 10.Kh2 Nd4 11.f4 Ne8 12.f5 f6 13.g4 c6 14.Ng3
b4 15.axb4 Rxb4 16.h4 Rb8 17.g5 fxg5 18.hxg5 g6 19.fxg6 hxg6
20.Rxf8+ Kxf8 21.Nce2 Rb7 22.Nxd4 Rh7+ 23.Kg1 Bxd4+ 24.Kf1 Rf7+
25.Ke2 Bg4+ 0-1

[Event "Moscow Open 2009 B"]
[Site "www.moscowchessopen.ru"]
[Date "2009.02.06"]
[Round "7.53"]
[White "Potyavin, Igor"]
[Black "Chirva, Leonid"]
[Result "1-0"]
[WhiteElo "2071"]
[BlackElo "2245"]
[Annotator ""]
[Source ""]
[Remark ""]

1.d4 f5 2.c4 Nf6 3.Nf3 g6 4.g3 Bg7 5.Bg2 d6 6.O-O O-O 7.Qc2 c6
8.Nc3 a5 9.b3 Re8 10.Rd1 Qc7 11.Ba3 Nbd7 12.Rac1 Nf8 13.d5 Bd7
14.c5 dxc5 15.Bxc5 cxd5 16.Nxd5 Nxd5 17.Rxd5 Bc6 18.Bd4 e6 19.Rc5
Red8 20.Qc3 Qd7 21.Bxg7 Qxg7 22.Qxg7+ Kxg7 23.Ne5 Bxg2 24.Kxg2
Kf6 25.f4 Nd7 26.Rb5 a4 27.Rc7 axb3 28.axb3 Nxe5 29.fxe5+ Kg5
30.Rxh7 f4 31.h4+ Kg4 32.Rb4 Kf5 33.gxf4 Kg4 34.Rf7 Kxh4 35.f5+
Kg5 36.fxg6 Kxg6 37.Rf6+ Kg5 38.Rxb7 Rg8 39.Rf3 Raf8 40.Rbf7
Rxf7 41.Rxf7 Rb8 42.Rf3 Rb5 43.Kf2 Rxe5 44.Ke1 Rd5 45.Rd3 Ra5
46.Kd2 Ra2+ 47.Ke3 Rb2 48.Rc3 Kf5 49.Kd3 e5 50.Ke3 Rb1 51.Kd3
e4+ 52.Kc4 Kg4 53.b4 Kf5 54.b5 Ke6 55.Kc5 1-0

[Event "Moscow Open 2009 B"]
[Site "www.moscowchessopen.ru"]
[Date "2009.02.06"]
[Round "7.54"]
[White "Zernyshkin, Vladislav"]
[Black "Savchuk, Vladimir"]
[Result "1-0"]
[WhiteElo "2242"]
[BlackElo "2081"]
[Annotator ""]
[Source ""]
[Remark ""]

1.e4 c5 2.f4 Nc6 3.Nf3 g6 4.Bb5 Bg7 5.Bxc6 dxc6 6.h3 Nf6 7.d3
O-O 8.Nc3 Ne8 9.O-O Nc7 10.Be3 Ne6 11.Qe1 b6 12.Qf2 Nd4 13.g4
Ba6 14.Rad1 Qd7 15.Rd2 Rad8 16.f5 Nxf3+ 17.Qxf3 Bd4 18.Ne2 Bg7
19.b3 Qc7 20.Ng3 Bd4 21.Rdf2 Bc8 22.Ne2 Bxe3 23.Qxe3 Qe5 24.Qh6
Qg7 25.Qh4 f6 26.Qg3 Rd6 27.Nf4 Kh8 28.Rg2 Rg8 29.Qf2 Qh6 30.Qd2
Qg7 31.a4 Rgd8 32.Qf2 Rg8 33.a5 Qf8 34.axb6 axb6 35.Ra1 g5 36.Nh5
Qd8 37.Qe1 Bd7 38.e5 Rd5 39.Re2 Be8 40.exf6 exf6 41.Nxf6 Qxf6
42.Rxe8 Rd8 43.Qe5 Qxe5 44.Rxe5 Rg7 45.Re6 Rc7 46.Kf2 Kg7 47.Rae1
Rdd7 48.Kf3 b5 49.R1e4 Kf7 50.R6e5 Rd5 51.Rxd5 cxd5 52.Re5 c4
53.Rxd5 cxb3 54.cxb3 Rc3 55.b4 Rb3 56.Rd4 Kf6 57.Ke4 Rb1 58.Rd6+
Kf7 59.Rd7+ Kf6 60.Rxh7 Rxb4+ 61.d4 Rb1 62.Kd5 Rc1 63.Rh6+ Kf7
64.Rh7+ Kf6 65.Rb7 Rc3 66.Rxb5 Rxh3 67.Rb6+ 1-0

[Event "Moscow Open 2009 B"]
[Site "www.moscowchessopen.ru"]
[Date "2009.02.06"]
[Round "7.55"]
[White "Rakhmatulaev, Konstantin"]
[Black "Ivanets, Vladimir"]
[Result "0-1"]
[WhiteElo "2002"]
[BlackElo "2223"]
[Annotator ""]
[Source ""]
[Remark ""]

1.d4 b5 2.e4 Bb7 3.f3 a6 4.Be3 e6 5.Nh3 Nf6 6.Be2 Be7 7.O-O O-O
8.Nd2 d6 9.Nb3 c6 10.Qe1 a5 11.Nc1 Nbd7 12.c3 Qc7 13.c4 b4 0-1

[Event "Moscow Open 2009 B"]
[Site "www.moscowchessopen.ru"]
[Date "2009.02.06"]
[Round "7.56"]
[White "Nastashuk, Stanislav"]
[Black "Shmatkov, Mikhail"]
[Result "0-1"]
[WhiteElo "1936"]
[BlackElo "2219"]
[Annotator ""]
[Source ""]
[Remark ""]

1.c4 e5 2.Nc3 Nc6 3.g3 f5 4.Bg2 Nf6 5.e3 g6 6.Nge2 Bg7 7.O-O
O-O 8.d3 d6 9.Rb1 Be6 10.Nd5 Qd7 11.b4 a6 12.a4 Qf7 13.Nec3 Nd8
14.b5 axb5 15.axb5 c6 16.Nxf6+ Bxf6 17.Ne2 d5 18.bxc6 bxc6 19.c5
d4 20.exd4 exd4 21.Bf4 Bd5 22.Bxd5 Qxd5 23.Qb3 Qxb3 24.Rxb3 Ra2
25.Nc1 Rc2 26.Re1 Kf7 27.Ra3 Rb2 28.h4 Re8 29.Rxe8 Kxe8 30.Nb3
Nb7 31.Na5 Kd7 32.Nxb7 Rxb7 33.Ra6 Be7 34.Rb6 Ra7 35.Rb8 Bxc5
36.Rh8 Ke6 37.Rc8 Ra6 38.Kg2 Bd6 39.Bxd6 Kxd6 40.Kf3 Ra2 41.Rh8
Rd2 42.Rxh7 Rxd3+ 43.Ke2 Ra3 44.Rg7 Ra2+ 45.Ke1 c5 46.Rxg6+ Kd5
47.Rf6 Ke4 48.h5 c4 49.f3+ Ke3 50.Re6+ Kxf3 51.h6 c3 52.Kd1 d3 0-1

[Event "Moscow Open 2009 B"]
[Site "www.moscowchessopen.ru"]
[Date "2009.02.06"]
[Round "7.57"]
[White "Spichkin, Alexander"]
[Black "Semenychev, Alexandr"]
[Result "1-0"]
[WhiteElo "2201"]
[BlackElo "2080"]
[Annotator ""]
[Source ""]
[Remark ""]

1.f4 d5 2.Nf3 c5 3.e3 Nc6 4.Bb5 Bd7 5.b3 e6 6.Bb2 f5 7.Bxc6 Bxc6
8.Ne5 Nf6 9.O-O Bd6 10.d3 Qe7 11.Qe1 Nd7 12.Nxc6 bxc6 13.Nd2
O-O 14.Qg3 h6 15.Rae1 Kh7 16.Qh3 g5 17.fxg5 Qxg5 18.Nf3 Qg4 19.Qxg4
fxg4 20.Nd2 Rxf1+ 21.Rxf1 Rf8 22.Ba3 Rxf1+ 23.Nxf1 Be5 24.Kf2
Kg6 25.h3 h5 26.hxg4 hxg4 27.c4 Kg5 28.Bc1 Kh4 29.Ke2 Bc3 30.Ba3
g3 31.Bc1 Kg4 32.Kd1 Ne5 33.Kc2 Be1 34.Bb2 Ng6 35.Bf6 Bf2 36.a4
Be1 37.Kd1 Ba5 38.Ke2 Bc7 39.Nd2 Kf5 40.Bg7 e5 41.e4+ Kg4 42.Bh6
Nh4 43.Kf1 Ba5 44.cxd5 cxd5 45.exd5 Nf5 46.Nc4 Nxh6 47.Nxa5 Nf5
48.Nc4 Kf4 49.d6 Nd4 50.Na5 Ne6 51.Nb7 Ke3 52.d7 Kd4 53.Ke2 Nf4+
54.Kf3 Ne6 55.Kxg3 Kxd3 56.Nxc5+ Nxc5 57.d8Q+ 1-0

[Event "Moscow Open 2009 B"]
[Site "www.moscowchessopen.ru"]
[Date "2009.02.06"]
[Round "7.58"]
[White "Petrov, Illarion"]
[Black "Asgarov, Mushfig Nizami Oglu"]
[Result "0-1"]
[WhiteElo "1400"]
[BlackElo "2192"]
[Annotator ""]
[Source ""]
[Remark ""]

1.e4 c5 2.Bc4 d6 3.Nf3 Nf6 4.Nc3 e6 5.d4 cxd4 6.Nxd4 a6 7.O-O
Be7 8.Re1 O-O 9.Be3 Nc6 10.a4 Qc7 11.Nxc6 bxc6 12.a5 h6 13.Na4
d5 14.Nb6 Rb8 15.exd5 cxd5 16.Bd3 e5 17.Qe2 Be6 18.f3 e4 19.Bxa6
Bd6 20.g3 exf3 21.Qxf3 Bg4 22.Qg2 Rfe8 23.Bd4 Rxe1+ 24.Rxe1 Bc5
25.c3 Bxb6 26.axb6 Rxb6 27.Bd3 Re6 28.Ra1 Qd8 29.b4 Ne4 30.b5
h5 31.Ra6 Qg5 32.Ra8+ Kh7 33.b6 Qc1+ 34.Qf1 Qb2 35.Qxf7 Rf6 36.Qg8+
Kg6 37.Qe8+ Kh7 38.Bxe4+ dxe4 39.Qxe4+ Rf5 40.Re8 Bh3 41.Qxf5+
Bxf5 42.Kf1 0-1

[Event "Moscow Open 2009 B"]
[Site "www.moscowchessopen.ru"]
[Date "2009.02.06"]
[Round "7.59"]
[White "Trusov, Mikhail"]
[Black "Sakharov, Lev"]
[Result "1-0"]
[WhiteElo "2191"]
[BlackElo "2057"]
[Annotator ""]
[Source ""]
[Remark ""]

1.e4 c6 2.d4 d5 3.Nc3 dxe4 4.Nxe4 Bf5 5.Ng3 Bg6 6.h4 h6 7.Nf3
Nd7 8.h5 Bh7 9.Bd3 Bxd3 10.Qxd3 e6 11.Bf4 Qa5+ 12.Bd2 Qc7 13.O-O-O
O-O-O 14.Qe2 Ngf6 15.Ne5 Nxe5 16.dxe5 Nd5 17.a3 Nb6 18.f4 Rd4
19.Be3 Ra4 20.Bxb6 Qxb6 21.Qd3 Bc5 22.Ne4 Be3+ 23.Kb1 Rd8 24.Nd6+
Kb8 25.g3 Rd4 26.Qe2 R4xd6 27.Rxd6 Rxd6 28.exd6 Bd4 29.c3 Bxc3
30.d7 Bf6 31.Rd1 Qd8 32.Qd3 b6 33.Qd6+ Kb7 34.g4 a6 35.a4 a5
36.Ka2 Bh4 37.f5 exf5 38.gxf5 Bf6 39.Re1 Qc7 40.Qd2 b5 41.Re8
Bd8 42.axb5 cxb5 43.Qd5+ Kb6 44.Qxf7 Qf4 45.Qe6+ Kc7 46.Qe5+
Qxe5 47.Rxe5 1-0

[Event "Moscow Open 2009 B"]
[Site "www.moscowchessopen.ru"]
[Date "2009.02.06"]
[Round "7.60"]
[White "Kulagin, Maxim"]
[Black "Harutyunian, Tigran K"]
[Result "1/2-1/2"]
[WhiteElo "2186"]
[BlackElo "1980"]
[Annotator ""]
[Source ""]
[Remark ""]

1.e4 c5 2.c3 d5 3.exd5 Qxd5 4.d4 Nf6 5.dxc5 Qxc5 6.Na3 a6 7.Be3
Qc7 8.Nc4 Nbd7 9.a4 e6 10.Nf3 Be7 11.Be2 O-O 12.O-O Nd5 13.Bd4
Bf6 14.Bxf6 N7xf6 15.Qb3 b6 16.Nfe5 Bb7 17.Bf3 Rab8 18.Rfe1 Nf4
19.Rad1 b5 20.axb5 axb5 21.Na3 Bxf3 22.Nxf3 Qb7 23.Rd4 N4d5 24.Nc2
Rfc8 25.Ra1 h6 26.h3 Rc4 27.Ra2 Rxd4 28.Ncxd4 Nf4 29.Ra5 Qe4
30.Rxb5 Rxb5 31.Qxb5 Qb1+ 32.Kh2 Nd3 33.Nd2 Qe1 34.Qxd3 Qxf2
35.b4 Nd5 36.Ne2 Ne3 37.Nf4 Qxf4+ 38.Kg1 Qg3 39.Qe2 Nd5 40.Ne4
Qf4 41.Qe1 Qe5 42.Kf1 Qf4+ 43.Kg1 Qe5 1/2-1/2

[Event "Moscow Open 2009 B"]
[Site "www.moscowchessopen.ru"]
[Date "2009.02.06"]
[Round "7.61"]
[White "Martynov, Vladimir"]
[Black "Martynenko, Alexey"]
[Result "1-0"]
[WhiteElo "2184"]
[BlackElo "1968"]
[Annotator ""]
[Source ""]
[Remark ""]

1.e4 e5 2.Nf3 Nc6 3.Bb5 a6 4.Ba4 Nf6 5.O-O Be7 6.Re1 b5 7.Bb3
d6 8.a4 Bb7 9.c3 O-O 10.d4 exd4 11.cxd4 Na5 12.Bc2 c5 13.d5 Nd7
14.Nbd2 Ne5 15.Nxe5 dxe5 16.Nf1 Nc4 17.b3 Nb6 18.a5 Nc8 19.Bb2
Bd6 20.f4 f6 21.fxe5 Bxe5 22.Bxe5 fxe5 23.Nd2 Nd6 24.Nf3 Qe7
25.Qd2 Rf4 26.Qc3 Nf7 27.g3 Rf6 28.Rf1 Bc8 29.Kg2 Bg4 30.Ng1
Rc8 31.Rxf6 Qxf6 32.h3 Bd7 33.Rf1 Qh6 34.Rf2 c4 35.b4 Re8 36.g4
Qg6 37.Kh2 Ng5 38.Qe3 Qh6 39.Kg2 Qg6 40.Qg3 Qd6 41.Qe3 Nf7 42.Qa7
Ng5 43.Qc5 Qg6 44.Kf1 h5 45.Qc7 Bc8 46.h4 Nf7 47.g5 Bg4 48.Ne2
Rc8 49.Qe7 Rd8 50.Ng3 Rd7 51.Qe8+ Kh7 52.Nf5 Rd8 53.Qe7 Kh8 54.Ke1
Rg8 55.d6 Nd8 56.Qxe5 Re8 57.Ne7 Qe6 58.Qxe6 Nxe6 59.Bd1 Bxd1
60.Kxd1 Rd8 61.e5 Nd4 62.Kd2 Nb3+ 63.Kc3 Nc1 64.e6 Nd3 65.Rf5
g6 66.Nxg6+ Kg7 67.e7 Ra8 68.Rf8 1-0

[Event "Moscow Open 2009 B"]
[Site "www.moscowchessopen.ru"]
[Date "2009.02.06"]
[Round "7.62"]
[White "Klimovets, Kirill"]
[Black "Medvedev, Nikolai"]
[Result "1-0"]
[WhiteElo "2183"]
[BlackElo "1963"]
[Annotator ""]
[Source ""]
[Remark ""]

1.e4 c5 2.Nf3 d6 3.Bb5+ Nd7 4.c3 Ngf6 5.Qe2 a6 6.Ba4 b5 7.Bc2
Bb7 8.O-O e5 9.d4 Be7 10.Bg5 O-O 11.Nbd2 Nh5 12.Be3 Nhf6 13.h3
Rc8 14.Rac1 Re8 15.d5 c4 16.Nh2 Nc5 17.f4 exf4 18.Bxf4 Bf8 19.Qf3
Ncd7 20.Rce1 Be7 21.Ng4 Rf8 22.Kh1 Nxg4 23.Qxg4 Ne5 24.Bxe5 dxe5
25.Nf3 Qd6 26.Qg3 Bf6 27.Nh2 Qe7 28.Rd1 Rcd8 29.Ng4 Kh8 30.Nxf6
gxf6 31.Qh4 Rd6 32.Rf5 Rg8 33.Rdf1 Bc8 34.Rxf6 Rg6 35.R6f4 f6
36.R4f3 Qg7 37.Qf2 Kg8 38.a3 Kh8 39.Bd1 Kg8 40.Kh2 Kh8 41.Rg3
h6 42.Rxg6 Qxg6 43.Qc5 Rd8 44.Qe7 Rg8 45.Qxf6+ Kh7 46.Qxg6+ Kxg6
47.Rf3 Rd8 48.Rg3+ Kf6 49.Bh5 Rh8 50.Rg6+ Ke7 51.Kg3 Kd8 52.Bg4
Bxg4 53.Kxg4 Rf8 54.g3 Rf2 55.Rxa6 Rxb2 56.Kf5 Rb3 57.Ke6 Rxc3
58.d6 1-0